000 00506nam a22001577a 4500
005 20251108173214.0
008 250721s2003 xx 000 0 ara d
082 1 4 _a618.1/لما
100 1 _aلماضة، عاطف
245 1 0 _aكل شيء عن أمراض النساء و الولادة /
264 1 _aالقاهره :
_bالدار الذهبية للطباعة و النشر و التوزيع،
_c2003.
300 _a79ص
650 1 7 _aأمراض النساء
942 _2ddc
_cBK
999 _c98517
_d98517